| 000 | 01010cam a22002773a 4500 | ||
|---|---|---|---|
| 001 | 16167 | ||
| 003 | PGUSA | ||
| 005 | 20140828083339.0 | ||
| 008 | 050701s2005||||xxu|||||s|||||000 | eng d | ||
| 040 |
_aPGUSA _beng |
||
| 042 | _adc | ||
| 050 | 4 | _aD | |
| 100 | 1 |
_aRawlinson, George, _d1812-1902 |
|
| 245 | 1 | 4 |
_aThe Seven Great Monarchies Of The Ancient Eastern World, Vol 7 : _bThe Sassanian or New Persian Empire : The History, Geography, And Antiquities Of Chaldaea, Assyria, Babylon, Media, Persia, Parthia, And Sassanian or New Persian Empire; With Maps and Illustrations. _h[electronic resource] / _cGeorge Rawlinson |
| 260 |
_bProject Gutenberg, _c2005 |
||
| 506 | _aPublic domain in the USA. | ||
| 516 | _aElectronic text | ||
| 653 | _aAssyria -- History | ||
| 653 | _aParthia -- History | ||
| 653 | _aIran -- History | ||
| 653 | _aBabylonia -- History | ||
| 653 | _aHistory, Ancient | ||
| 830 | 0 |
_aProject Gutenberg _v16167 |
|
| 856 | 4 | 0 | _uhttp://www.gutenberg.org/ebooks/16167 |
| 942 | _cEB | ||
| 999 |
_c245422 _d245422 |
||